000 00292nam a2200109 a 4500
005 20201002044913.0
008 140402s1970 000 spa d
100 _aDumas, Alejandro
_944381
245 3 _aLa dama de las camelias.
260 _aMadrid -- Libra,
_c1970 -- 192 p.
999 _c43147
_d43147
040 _aDO-SdBNP